MARC details
| 000 -CABECERA |
| campo de control de longitud fija |
00830cam a2200229 a 4500 |
| 001 - NÚMERO DE CONTROL |
| campo de control |
000012838 |
| 005 - FECHA Y HORA DE LA ÚLTIMA TRANSACCIÓN |
| campo de control |
20200929163102.0 |
| 008 - DATOS DE LONGITUD FIJA--INFORMACIÓN GENERAL |
| campo de control de longitud fija |
760406s1964 ve b 001 0 spa |
| 035 ## - NÚMERO DE CONTROL DEL SISTEMA |
| Número de control de sistema |
(DLC) 66080604 |
| 035 ## - NÚMERO DE CONTROL DEL SISTEMA |
| Número de control de sistema |
(OCoLC)2095315 |
| 040 ## - FUENTE DE LA CATALOGACIÓN |
| Centro catalogador/agencia de origen |
DO-SdBNP |
| Centro/agencia transcriptor |
NHemH |
| Centro/agencia modificador |
NHemH |
| -- |
DLC |
| -- |
BNPHU |
| 082 ## - NÚMERO DE LA CLASIFICACIÓN DECIMAL DEWEY |
| Número de clasificación |
323.6 |
| Número de documento/Ítem |
P259n |
| 049 ## - FONDOS LOCALES (OCLC) |
| Fondos de biblioteca |
BNGR |
| 100 1# - ENTRADA PRINCIPAL--NOMBRE DE PERSONA |
| Nombre de persona |
Parra-Aranguren, Gonzálo, |
| Fechas asociadas al nombre |
1928- |
| 9 (RLIN) |
29687 |
| 245 13 - MENCIÓN DE TÍTULO |
| Título |
La nacionalidad Venezolana originaria / |
| Mención de responsabilidad, etc. |
Gonzálo Parra Aranguren. |
| 260 ## - PUBLICACIÓN, DISTRIBUCIÓN, ETC. |
| Lugar de publicación, distribución, etc. |
Caracas, (Venezuela) : |
| Nombre del editor, distribuidor, etc. |
Universidad Central de Venezuela, Facultad de Derecho, |
| Fecha de publicación, distribución, etc. |
1964. |
| 300 ## - DESCRIPCIÓN FÍSICA |
| Extensión |
2 v. p. ; |
| Dimensiones |
24 cm. |
| 490 1# - MENCIÓN DE SERIE |
| Mención de serie |
Publicaciones de la Facultad de Derecho |
| Designación de volumen o secuencia |
31-32 |
| 504 ## - NOTA DE BIBLIOGRAFÍA, ETC. |
| Nota de bibliografía, etc. |
Bibliografía: v. 2, p. [643]-652. |
| 650 #4 - PUNTO DE ACCESO ADICIONAL DE MATERIA--TÉRMINO DE MATERIA |
| Término de materia o nombre geográfico como elemento de entrada |
Ciudadania |
| Subdivisión geográfica |
Venezuela. |
| 9 (RLIN) |
29688 |
| 830 #0 - PUNTO DE ACCESO ADICIONAL DE SERIE-TÍTULO UNIFORME |
| Título uniforme |
Publicaciones de la Facultad de Derecho ; |
| Designación de volumen o secuencia |
31-32 |
| 9 (RLIN) |
29653 |